Way of integrity: finding the path to your true self (Record no. 360778)

MARC details
000 -LEADER
fixed length control field 02070nam a22002177a 4500
003 - CONTROL NUMBER IDENTIFIER
control field OSt
005 - DATE AND TIME OF LATEST TRANSACTION
control field 20260424153818.0
008 - FIXED-LENGTH DATA ELEMENTS--GENERAL INFORMATION
fixed length control field 260424b |||||||| |||| 00| 0 eng d
020 ## - INTERNATIONAL STANDARD BOOK NUMBER
International Standard Book Number 9780349426020
040 ## - CATALOGING SOURCE
Transcribing agency AACR-II
082 ## - DEWEY DECIMAL CLASSIFICATION NUMBER
Classification number 158.1 BEC
100 ## - MAIN ENTRY--PERSONAL NAME
Personal name Beck, Martha
9 (RLIN) 18928
245 ## - TITLE STATEMENT
Title Way of integrity: finding the path to your true self
260 ## - PUBLICATION, DISTRIBUTION, ETC.
Place of publication, distribution, etc. Great Britain
Name of publisher, distributor, etc. Piatkus
Date of publication, distribution, etc. 2021
300 ## - PHYSICAL DESCRIPTION
Extent 327 p.
520 ## - SUMMARY, ETC.
Summary, etc. 'This radiant book will not only change your life, but perhaps even save it' Elizabeth Gilbert'Martha Beck's genius is that her writing is equal parts comforting and challenging. A teacher, a mother, a sage, she holds our hand as she leads us back home to ourselves' Glennon Doyle_____________________Bestselling author, life coach and sociologist Martha Beck explains why 'integrity' - being in harmony with ourselves - is the key to a meaningful and joyful lifeIn The Way of Integrity, Beck presents a four-stage process that anyone can use to find integrity, and with it, a sense of purpose, emotional healing, and a life free of mental suffering. Much of what plagues us-people pleasing, staying in stale relationships, negative habits-all point to what happens when we are out of touch with what truly makes us feel whole.Inspired by The Divine Comedy, Beck uses Dante's classic hero's journey as a framework to break down the process of attaining personal integrity into small, manageable steps. She shows how to read our internal signals that lead us towards our true path, and to recognize what we actually yearn for versus what our culture sells us.With techniques tested on hundreds of her clients, Beck brings her expertise as a social scientist, life coach and human being to help readers to uncover what integrity looks like in their own lives. She takes us on a spiritual adventure that not only will change the direction of our lives, but bring us to a place of genuine happiness.
650 ## - SUBJECT ADDED ENTRY--TOPICAL TERM
Topical term or geographic name entry element Self-Improvement
9 (RLIN) 18929
650 ## - SUBJECT ADDED ENTRY--TOPICAL TERM
Topical term or geographic name entry element Motivational psychology
9 (RLIN) 18930
650 ## - SUBJECT ADDED ENTRY--TOPICAL TERM
Topical term or geographic name entry element Personal Growth
9 (RLIN) 18931
942 ## - ADDED ENTRY ELEMENTS (KOHA)
Source of classification or shelving scheme Dewey Decimal Classification
Koha item type Books
Holdings
Date last seen Total Checkouts Full call number Barcode Price effective from Koha item type Lost status Source of classification or shelving scheme Damaged status Not for loan Withdrawn status Home library Current library Date acquired
2026-04-24   158.1 BEC 185879 2026-04-24 Books Not Missing Dewey Decimal Classification Not Damaged     Gandhi Smriti Library Gandhi Smriti Library 2026-04-24

Powered by Koha